00708nam a22002057a 450000500170000001000130001702000220003003500130005203700160006504000120008108200160009310000200010924500940012926000450022327000620026830000310033050000500036165000540041165000370046520170124110107.0 aA-704967 c00.00a0195633865 aA-704967 bCen Lib/Ret aDPLbEN a954.04bGOR aGordon, Stewart aMarathas, marauders, and state formation in eighteenth-century India /cby Stewart Gordon bOxford University PressaNew Delhic1994 aYMCA Library Building, Jai Singh Road e110002bNew Delhi axi,223p. :c20cm(Hb)bill. aIncludes bibliographical references and index aMaratha (Indic people) -- Politics and government aIndia -- History -- 18th century